Music Quiz

Random Music Quiz

One Direction Quiz Stats

 Plays Quiz not verified by Sporcle

Support Sporcle.
Go Orange.
Score 0/20 Timer 05:00
0 Plays Today
Hint Answer % Correct
Who is afraid of spoons?Liam
82.2%
Louis likes girls who eat___________.Carrots
80.7%
Who is the oldest?Louis
80.5%
Who came up with the name One Direction?Harry
80.2%
Who is the youngest?Harry
80.2%
Who is the oldest?Louis
79%
Who likes wearing stripes and Toms?Louis
79%
In what TV show was One Direction formed?X Factor
78.8%
What is Liam's full name?Liam James Payne
78.3%
What is Harry's full name?Harry Edward Styles
78.1%
Hint Answer % Correct
How is Zayn's real name spelled?Zain
78.1%
What is Niall's full name?Niall James Horan
77.3%
What is Louis' full name?Louis William Tomlinson
73.7%
What is Zayn's full name?Zayn Javaad Malik
57.6%
When is Louis' birthday?December 24,1991
50.6%
When is Niall's birthday?September 13,1993
49.9%
When is Zayn's birthday?January 12,1993
49.9%
When is Harry's birthday?February 1,1994
49.6%
When is Liam's birthday?August 30,1993
42.2%
Who is Kevin?A plastic pigeon
16.1%

You're not logged in!

Compare scores with friends on all Sporcle quizzes.
OR
Log In

From the Vault

A Century of Baby Names

by pdigoe

Pretty safe to say that these names have withstood the test of time.
Remove Ads.
Support Sporcle.
Get the best of Sporcle when you Go Orange. This ad-free experience offers more features, more stats, and more fun while also helping to support Sporcle. Thank you for becoming a member.

Show Comments

Extras

Created Sep 23, 2013ReportNominate
Tags:One Direction

Top Quizzes Today


Score Distribution

Your Account Isn't Verified!

In order to create a playlist on Sporcle, you need to verify the email address you used during registration. Go to your Sporcle Settings to finish the process.

Report this User

Report this user for behavior that violates our Community Guidelines.

Details: